000 01409cam a22003617a 4500
999 _c17799
_d17799
008 070612s2007 paua c 001 0 eng d
020 _a9780764327629
020 _a0764327623
050 0 0 _aNK4087.S6
_bH25 2007
100 1 _aHarding, Adrian
245 1 4 _aThe second addendum of Victorian Staffordshire figures, 1835-1875.
_nBook 4 /
_cA. & N. Harding.
260 _aAtglen, Pa. :
_bSchiffer Pub.,
_cc2007.
300 _a344 p. :
_bcol. ill. ;
_c32 cm.
500 _a"With values"--Cover.
500 _aIncludes index.
650 0 _aStaffordshire pottery
_vCatalogs.
650 0 _aPottery figures, Victorian
_zEngland
_zStaffordshire
_vCatalogs.
700 1 _aHarding, N.
942 _2lcc
_cBOOKS
_hNK4087.S6 H25 2007